| 000 | 00469nam a22001697a 4500 | ||
|---|---|---|---|
| 005 | 20260108134551.0 | ||
| 008 | 260106b |||||||| |||| 00| 0 eng d | ||
| 020 | _a978-93-86150-52-3 | ||
| 041 | _aEnglish | ||
| 082 | _aMS 610.73691 VEN DB1456 | ||
| 100 |
_aVenkatesan B. _9215111 |
||
| 245 | _aTextbook of Cardiothoracic Nursing | ||
| 260 |
_bJaypee Brothers Medical Publishers (P) Ltd _aNew Delhi _c2017 |
||
| 300 | _a390p | ||
| 365 | _bRs.550.00 | ||
| 942 | _cDB | ||
| 999 |
_c369699 _d369699 |
||